000 00601cam a22002052 4500
001 0000003287
005 20170406114910.0
008 140605s xx 000 0 eng d
020 _c$
040 _aYour Holding Symbol
_cYour Holding Symbol
100 1 _aJanson,H.W.
245 1 0 _aHistory of art :
_ba survey of the major visual arts from the dawn of histoory to the present day.
250 _a ed.
260 _aNew york :
_bHarry,
_c1935.
300 _a572 p. :
_bill ;
_c cm.
504 _aindex.
650 0 _aart.
908 _a140605
999 _c3166
_d3166